000 00642nam a2200241#a 4500
001 01268
003 HDC
007 ta
008 230623s1992 xx 000 0 eng d
040 _aHDC
050 _aHD30
_b.H66 1992
110 _aHong Leong Group Malaysia
245 0 _aQuality action teams :
_bworkbook for team leaders /
_cHong Leong Group Malaysia.
264 _aKuala Lumpur :
_bOrganizational Dynamics,
_cc1992
300 _a73p. :
_b ill. ;
_c 31cm
650 _aLeadership
650 _aManagement
710 _aInstitute of Quality Leadership
942 _2lcc
942 _cBK
942 _kHD30
942 _m.H66 1992
999 _c22834
_d22834